| 000 | 00768nam a2200217 i 4500 | ||
|---|---|---|---|
| 001 | 101060 | ||
| 003 | ES-MaACL | ||
| 005 | 20250822042022.0 | ||
| 007 | t| | ||
| 008 | 051011s1962 sp ||||1| spa d | ||
| 100 | 1 |
_aMauco, Georges. _979180 |
|
| 245 | 1 | 0 |
_aEducación de la sensibilidad en el niño _b: ensayo sobre la evolución de la vida afectiva / _cGeorges Mauco; traducción del francés por José Antonio Fontanilla. |
| 260 |
_aMadrid : _bAguilar, _c1962. |
||
| 300 |
_aXX, 161 p. ; _c24 cm. |
||
| 490 | 1 | _aPsicología y educación | |
| 650 | 4 |
_aEmociones en niños. _9166232 |
|
| 700 | 1 |
_aFontanilla, José Antonio. _951619 |
|
| 830 | 0 | 0 |
_aPsicología y educación _9180908 |
| 852 |
_aES-MaACL _jC-21915 _bR.50351 |
||
| 999 |
_c101060 _d101060 |
||